000
00252nam a22001217a 4500
999
_c
12721
_d
12721
020
_a
9780241189450
082
_a
327.37
100
_a
Chomsky,Noam
245
_a
Who Rules The World
260
_a
UK
_b
Penguin Books
_c
2017
300
_a
318
942
_c
BK